|
|
|
|
| LEADER |
02310nam a2200613 i 4500 |
| 001 |
nkc20182987946 |
| 003 |
CZ PrNK |
| 005 |
20180717115018.0 |
| 007 |
ta |
| 008 |
180404s2017 xr abc f 000 0 cze |
| 015 |
|
|
|a cnb002987946
|
| 020 |
|
|
|a 978-80-7485-149-0
|q (B&P ;
|q brožováno)
|
| 020 |
|
|
|a 978-80-7027-286-2
|q (Moravská galerie v Brně ;
|q brožováno) :
|c Kč 245,00
|
| 035 |
|
|
|a (OCoLC)1035471378
|
| 040 |
|
|
|a OLA001
|b cze
|e rda
|
| 041 |
0 |
|
|a cze
|a slo
|
| 043 |
|
|
|a e-xr---
|a e-xo---
|
| 072 |
|
7 |
|a 77
|x Fotografie. Fotografické postupy
|2 Konspekt
|9 21
|
| 080 |
|
|
|a 77.04
|2 MRF
|
| 080 |
|
|
|a 77(091)
|2 MRF
|
| 080 |
|
|
|a 77.0
|2 MRF
|
| 080 |
|
|
|a (437.3)
|2 MRF
|
| 080 |
|
|
|a (437.6)
|2 MRF
|
| 080 |
|
|
|a (082)
|2 MRF
|
| 080 |
|
|
|a (082.2)
|2 MRF
|
| 245 |
0 |
0 |
|a Fotografie především /
|c Lukáš Bártl, Petra Trnková (edd.)
|
| 250 |
|
|
|a 1. vydání
|
| 264 |
|
1 |
|a V Brně :
|b B & P Publishing :
|b Masarykova univerzita :
|b Moravská galerie,
|c 2017
|
| 300 |
|
|
|a 193 stran :
|b ilustrace, 1 mapa, portréty, faksimile ;
|c 23 cm
|
| 336 |
|
|
|a text
|b txt
|2 rdacontent
|
| 337 |
|
|
|a bez média
|b n
|2 rdamedia
|
| 338 |
|
|
|a svazek
|b nc
|2 rdacarrier
|
| 504 |
|
|
|a Obsahuje bibliografie a bibliografické odkazy
|
| 546 |
|
|
|a Částečně slovenský text
|
| 650 |
0 |
7 |
|a umělecká fotografie
|7 ph126879
|z Česko
|2 czenas
|
| 650 |
0 |
7 |
|a umělecká fotografie
|7 ph126879
|z Slovensko
|2 czenas
|
| 650 |
0 |
7 |
|a dějiny fotografie
|7 ph163942
|2 czenas
|
| 650 |
0 |
7 |
|a teorie fotografie
|7 ph200829
|2 czenas
|
| 650 |
0 |
9 |
|a artistic photography
|z Czechia
|2 eczenas
|
| 650 |
0 |
9 |
|a artistic photography
|z Slovakia
|2 eczenas
|
| 650 |
0 |
9 |
|a history of photography
|2 eczenas
|
| 650 |
0 |
9 |
|a theory of photography
|2 eczenas
|
| 655 |
|
7 |
|a sborníky
|7 fd163935
|2 czenas
|
| 655 |
|
7 |
|a jubilejní publikace
|7 fd131839
|2 czenas
|
| 655 |
|
9 |
|a miscellanea
|2 eczenas
|
| 655 |
|
9 |
|a jubilee books
|2 eczenas
|
| 700 |
1 |
|
|a Bártl, Lukáš,
|d 1982-
|7 mzk2008468933
|4 edt
|
| 700 |
1 |
|
|a Trnková, Petra,
|d 1976-
|7 jo2004213873
|4 edt
|
| 910 |
2 |
|
|a BOA001
|b 2-1405.983
|
| 990 |
|
|
|a BK
|
| 995 |
|
|
|a 01
|
| 991 |
|
|
|b 201804
|c NOV
|
| 996 |
6 |
|
|b 2610739985
|c 2-1405.983
|l MZK
|r Sklad / do 1 hodiny
|n 2
|p p.v.
|w 001659274
|u 000010
|a 1
|e BOA001
|j MZK50
|s P
|
| 996 |
7 |
|
|b 2610739986
|c 2-1405.983
|l MZK
|r Sklad / do 1 hodiny
|n 6
|p p.v.
|w 001659274
|u 000020
|a 1
|e BOA001
|j MZK50
|s A
|